| 000 | 00627nam a2200193 4500 | ||
|---|---|---|---|
| 005 | 20250201062519.0 | ||
| 008 | 170925b xxu||||| |||| 00| 0 eng d | ||
| 020 | _a0-201-59560-5 | ||
| 082 |
_21995 _aDC 513.1 _bB54 |
||
| 100 |
_922689 _aBittinger, Marvin L |
||
| 245 |
_aBasic mathematics / _cMarvin L. Bittinger, Mervin L. Keedy |
||
| 250 | _aSeventh Edition | ||
| 260 |
_aReading, Massachussetts : _bAddison-Wesley, _c©1995. |
||
| 300 |
_a1 v (various pagings) : _bcolor illustrations ; _c28 cm |
||
| 500 | _aIncludes index. | ||
| 650 | 0 |
_aArithmetic. _922690 |
|
| 700 |
_922691 _aKeedy, Mervin Laverne |
||
| 942 |
_2ddc _cDC |
||
| 999 |
_c7480 _d7480 |
||